Partie d'image #2 - Statistiques

Statistiques générales
  • Ce quiz a été pris 127 fois
  • Le résultat moyen est 13 sur 16
Statistiques - réponses
Par images Réponse % Correct
Pomme
100%
Jeu d'échecs
98%
Bougie
96%
Corde
96%
Tortue
96%
92%
Radio
89%
Souris
88%
Legos
86%
Téléphone
86%
Avion
84%
Guitare électrique
81%
Ballon de soccer
55%
Manettes de Nintendo Switch
48%
Bonhomme de pain d'épices
37%
Amérique du nord
31%
Aucun quiz correspondant
Distribution des résultats
% des personnes avec chaque résultat
Percentile par nombre de réponses
Votre historique - résultats
Vous n’avez pas pris ce quiz